00559 2200193 4500001002100000005001500021035002000036007000300056008004100059082001100100084001700111245007000128250002100198260004200219300003700261110002500298856002900323990001300352INLIS00000000000125020260408095359 a0010-0426000004ta260408 e 0 ind  a657.46 a657.46 KEM s1 aSimpul Kritis Pengadaan Barang Dan Jasa /cMedia Auditor Kementan acet. 1, edisi 52 aJakarta :bKementian Pertanian,c2019 a83 hlm :bi 83 hlm;ilus ;c23 cm0 aKementrian Pertanian aPerpustakaan BBPP Kupang a20060033